[Event "Dyfed Open"]
[Site "?"]
[Date "2018.02.18"]
[Round "4"]
[White "Buttell, David"]
[Black "Jansen Van Rensburg, Leon"]
[Result "1-0"]
[WhiteElo "1782"]
[BlackElo "1528"]
[Annotator "Rudy"]
[PlyCount "69"]
[EventDate "2018.??.??"]

1. d4 Nf6 2. c4 c5 3. d5 b5 4. cxb5 a6 5. bxa6 Bxa6 6. Nc3 d6 7. Nf3 g6 8. g3
Bg7 9. e4 (9. Bg2) 9... Bxf1 10. Kxf1 O-O 11. Kg2 Nbd7 12. h3 (12. Qc2 Qa5 13.
h3 Rfb8 14. a3 Nb6 15. Rb1 Nfd7 16. b4 $5 {Buttell-Waterfield, Dyfed Open 2013,
1/2-1/2}) 12... Qc7 13. Qc2 (13. Re1 {main}) 13... Rfb8 14. Bd2 (14. Rb1 Ne8
15. a3 Rb7 16. Re1 Rab8 17. Na2 {Buttell- Cresswell, 4NCL 2013,1-0}) 14... Qb7
15. Rab1 Nb6 (15... Ra6 16. Rhd1 Nb6 17. b3 Nfd7 18. Bg5 Ne5 19. Nxe5 Bxe5 20.
a4 Nc8 21. Nb5 Na7 22. Na3 Bg7 23. Nc4 h6 24. Be3 Kh7 {Papp-Kelemen Feher,
Eger Agri op 2003,1/2-1/2}) 16. b4 (16. b3 $16 {Komodo11}) 16... c4 (16... cxb4
17. Rxb4 Nfd7 18. Rhb1 Qa6 $14 {Komodo11}) 17. Rhe1 (17. a4 $18) 17... Nfd7 18.
a4 Bxc3 19. Qxc3 (19. Bxc3 Rxa4 20. Qc1 Nf6 21. Bxf6 exf6 22. Qf4 $16 {Komodo11
}) 19... Rxa4 20. Nd4 (20. Qe3 $14) 20... Ne5 $11 21. b5 Nxd5 {too optimistic}
(21... Nd3 22. Re2 Rba8 23. Nc6 Ra3 24. Qd4 Qc7 25. Be3 Nc5 26. e5 Rd3 27. exd6
exd6 28. Qh4 Nxd5 29. Bxc5 dxc5 30. Qxc4 $16 {Komodo11}) 22. exd5 Qxd5+ 23. Kg1
$2 {however} (23. f3 $16) 23... Rba8 (23... Qxd4 24. Qxd4 Nf3+ 25. Kg2 Nxd4 26.
Rxe7 Nxb5 $17 {Komodo11} (26... Rxb5 27. Rxb5 Nxb5 28. Rb7 Na3 29. Rb8+ Kg7 30.
Bc3+ f6 31. Rb7+ Kf8 32. Bxf6 $11 {Komodo11})) 24. Rxe5 (24. b6 Qxd4 25. Qxd4
Nf3+ 26. Kg2 Nxd4 27. Rxe7 Rb8 28. Ra7 $18 {Komodo11}) 24... dxe5 25. Nc6 Qd3 {
wrong timing} (25... Kg7 26. Nxe5 (26. b6 Qxc6 27. b7 f6 28. bxa8=Q Rxa8 $14)
26... f6 27. Ng4 Qd3 28. Qxd3 cxd3 29. Kg2 Ra1 $11 {Komodo11}) 26. Qxd3 cxd3
27. b6 $18 Ra1 28. Rxa1 Rxa1+ 29. Kg2 Rb1 (29... Ra6 30. b7 Rb6 31. b8=Q+ Rxb8
32. Nxb8 $18) 30. Nb4 Rd1 31. b7 Rxd2 32. b8=Q+ Kg7 33. Qxe5+ Kg8 34. Qxe7 Re2
35. Qd8+ 1-0

[Event "Dyfed Open"]
[Site "?"]
[Date "2018.02.18"]
[Round "4"]
[White "Andrews, Norman G"]
[Black "Jukes, Sam"]
[Result "0-1"]
[WhiteElo "1642"]
[BlackElo "1762"]
[Annotator "Rudy"]
[PlyCount "52"]
[EventDate "2018.??.??"]

1. e4 e5 2. Nf3 Nc6 3. d4 exd4 4. Bc4 Nf6 5. O-O d6 {a slightly passive line} (
5... Nxe4) (5... Bc5 {main theory lines}) 6. Ng5 (6. Nxd4 Be7 7. Nc3 {gives Wh
a slight spatial advantage} O-O 8. h3 Nxd4 9. Qxd4 Nd7 10. Nd5 Bf6 11. Nxf6+
Qxf6 12. Be3 Re8 {Gawain Jones-Matthew Turner, BCF rapid ch, Leeds 2011,1/2-1/2
}) 6... Ne5 7. Qxd4 (7. Bb3 h6 8. f4 {is the sharpest line, with chances for
both sides}) 7... h6 8. f4 {now inferior} (8. Nf3 Nxf3+ 9. gxf3 Be7 (9... Bh3
10. Re1 Nd7 11. f4 {is more dangerous for Bl}) 10. Nc3 {with a Wh space
advantage} O-O 11. Ne2 Be6 12. Bxe6 fxe6 13. Nf4 e5 14. Qc4+ Rf7 15. Ng6 c6 16.
Nh8 {Krueger-Schugal, NRW ch U15, Hiddenhausen 1997,1-0}) 8... Nxc4 $19 9. Nxf7
{not the best, though} (9. Qxc4 hxg5 10. fxg5 Be6 11. Qb5+ Nd7 12. Qxb7 Qb8 {
is still a Bl win} 13. Qc6 Qb6+ {Ivanov-Karia, 4NCL 2014,0-1}) 9... Kxf7 10.
Qxc4+ Be6 (10... d5 11. exd5 Qxd5 12. Qxc7+ Bd7 13. Nc3 Qc5+ $19 {Komodo11,
reminiscent of a Cochrane gambit against a Petroff ( as is the text move of
Be6)}) 11. Qe2 Bg4 12. Qc4+ d5 13. exd5 Qxd5 14. Qxc7+ Bd7 15. Qe5 Bc5+ 16. Kh1
Rhe8 $19 {who has the extra development for the piece that Wh gave up} 17.
Qxd5+ Nxd5 18. c4 Nb4 19. a3 (19. Nc3 Nc2 20. Rb1 Bf5 21. b3 Rad8) 19... Nc2 (
19... Nd3 20. b4 Bd4 21. Ra2 Bg4 {Komodo11}) 20. Ra2 Bd4 (20... Bf5) 21. b3 Re2
22. Nd2 Bc6 (22... Ne3) 23. Nf3 Bxf3 24. gxf3 Rc8 (24... Rae8) 25. Rd1 Rc5 26.
a4 Rh5 0-1

[Event "Dyfed Open"]
[Site "?"]
[Date "2018.02.18"]
[Round "4"]
[White "Owen, Neil"]
[Black "Fowler, Caspian"]
[Result "1-0"]
[WhiteElo "1760"]
[BlackElo "1370"]
[Annotator "Rudy"]
[PlyCount "29"]
[EventDate "2018.??.??"]

1. g4 {The Grob} e5 2. Bg2 d5 3. c4 c6 4. cxd5 cxd5 5. Qb3 {there are lines in
this where Bl has to be careful not to lose the QR} Ne7 6. Nc3 e4 7. d3 exd3 8.
Nxd5 {Komodo10.4} (8. Bf4 {main}) (8. Bg5 Nbc6 9. Bxd5 $18 Be6 10. Bxe6 fxe6
11. O-O-O {Axelsson-Lesny, Rhein Main op , Bad Homberg 2015,1-0}) 8... dxe2 (
8... Nbc6) (8... Nxd5 9. Bxd5 Bb4+ 10. Qxb4 (10. Kf1 O-O 11. Be3 $11 {Cloud
Engines}) 10... Qxd5 11. e4 Nc6 12. Qa4 Qd6 13. h3 O-O $19 {Grob-Bucher, corr
1966,0-1}) 9. Bg5 $14 {Stockfish9} Nbc6 (9... h6) 10. Nxe2 (10. Qg3 $18 {
Stockfish9}) 10... Qd7 (10... Be6) 11. O-O-O $18 (11. Qe3 $18 {Stockfish9})
11... Nxd5 12. Bxd5 (12. Rxd5 $18 Qc7 13. Bf4 Qb6 14. Rb5 Qa6 15. Bd5 Nd8 16.
Re1 Be7 17. Nd4 $18 {all of Wh's pieces are fully mobilized- Stockfish9}) 12...
Qc7 (12... Bd6 13. Qe3+ Ne7 14. Kb1 O-O 15. Be4 $18 {Stockfish9, but lasts
longer}) 13. Nc3 (13. Rhe1) (13. Bf4) 13... Nd4 $2 14. Rxd4 (14. Qa4+ Bd7 15.
Rhe1+ Ne6 16. Bxe6 $18 {Stockfish9}) 14... Bc5 15. Bxf7+ $1 (15. Nb5) (15. Re1+
) 1-0

[Event "Dyfed Open"]
[Site "?"]
[Date "2018.02.18"]
[Round "4"]
[White "Probert, Malcolm"]
[Black "Van Kemenade, Julie"]
[Result "1-0"]
[WhiteElo "1601"]
[BlackElo "1692"]
[Annotator "Rudy"]
[PlyCount "39"]
[EventDate "2018.??.??"]

1. Nf3 d6 2. d4 Nd7 3. g3 Ngf6 4. Bg2 e5 5. dxe5 dxe5 6. O-O c6 (6... Bc5) (
6... Be7 {main}) 7. c4 Qc7 (7... Be7) 8. b3 (8. Nc3) 8... Be7 (8... Bc5) 9. Bb2
O-O 10. e3 (10. Qc2) (10. Nc3) 10... Ne8 (10... Re8 11. Qc2 Bf8 12. Nbd2 a5 13.
Ng5 (13. a3 Ra7 14. Bc3 b5 15. b4 c5 {Huisl-Drescher, Hessenliga 1998,0-1})
13... h6 14. Nge4 Nxe4 15. Bxe4 Nc5 16. Bh7+ Kh8 17. Bf5 Bxf5 18. Qxf5 Rad8 {
Varejcko-Espig, Cattloica op 1993,1/2-1/2}) (10... a5) 11. Nbd2 f5 12. Qc2 (12.
e4 f4) 12... g6 (12... e4 13. Nd4 Ne5 14. f3 exf3 15. N4xf3 Nxf3+ 16. Nxf3 Bc5
17. Bd4 Qe7 $11 {Komodo11}) 13. Rad1 Bf6 {losing control over c5} (13... e4 14.
Nd4 Ne5 15. f3 $14) (13... c5 14. e4 f4 15. Nb1 $18 {the N is coming into d5})
14. c5 (14. e4 Nc5 15. Rfe1 a5 16. Bh3 f4 17. Bxc8 Rxc8 18. gxf4 exf4 19. e5
Be7 20. e6 Rd8 21. Ne5 Nxe6 22. Nxg6 hxg6 23. Rxe6 Bf6 24. Bxf6 Rxf6 25. Rde1
Qd7 $11 {Komodo11}) 14... Rf7 (14... e4 15. Nd4 Ng7 16. f3 exf3 17. N2xf3 Re8
18. b4 Kh8 $14 {Komodo11}) 15. b4 (15. e4 $18 Ng7 16. Nc4 fxe4 17. Qxe4 Nxc5
18. Qe3 Nd7 19. Qd2 $16 {Komodo11}) 15... Nf8 (15... a5 16. a3 e4 $11) (15...
e4) 16. Nc4 (16. e4 $16) 16... Re7 (16... e4) 17. Nd6 $18 g5 $2 {trying to get
some play} 18. Nxf5 Bxf5 19. Qxf5 Ng6 20. Nxg5 1-0

[Event "Dyfed Open"]
[Site "?"]
[Date "2018.02.18"]
[Round "4"]
[White "Howell, Alun"]
[Black "Hurn, Robert AJ"]
[Result "1/2-1/2"]
[WhiteElo "1691"]
[BlackElo "1592"]
[Annotator "Rudy"]
[PlyCount "46"]
[EventDate "2018.??.??"]

1. Nf3 Nf6 2. d4 d5 3. c4 dxc4 4. e3 a6 (4... e6 {main}) 5. a4 (5. Bxc4 {main})
5... e6 6. Bxc4 Nbd7 (6... c5) 7. O-O b6 8. Nc3 Bb4 9. Qe2 (9. Qb3 {Cloud
Engines, looks more forcing} Bxc3 (9... Qe7 10. e4 Bxc3 11. bxc3 Nxe4 12. Re1
Ndf6 13. Ba3 Nd6 14. d5 O-O 15. dxe6 Kh8 16. exf7 Qd8 17. Bxd6 cxd6 18. Ng5 d5
19. Rad1 Bg4 20. Be2 h6 21. Nf3 (21. Bxg4 Nxg4 22. Nf3 $18) 21... Bxf3 22. Bxf3
Qc7 23. Re6 $16 {Kruppa-Itkis, Nabokov mem , Kiev 2009,1/2-1/2}) 10. bxc3 Bb7
11. Ng5 O-O 12. Nxf7 Rxf7 13. Bxe6 Qe8 14. f3 Nf8 15. Bxf7+ Qxf7 16. Qxf7+ Kxf7
17. e4 $14 {Schaefer-Szymanski,GER M04, ICCF 2015,1-0}) 9... O-O $6 (9... Bb7 {
main, prevents e4} 10. Rd1 (10. Bd3)) 10. Bd2 (10. e4 $16 {would take advantage
}) 10... Bb7 11. Rac1 $146 (11. Rfd1 {transposes to main}) (11. Ne4 Bxd2 12.
Nexd2 c5 13. Rfc1 cxd4 14. Nxd4 Qe7 15. e4 Ne5 16. f3 Rfd8 17. N4b3 Qb4 {
Kempinski-Nisipeanu, Calvia ol 2004, draw agreed}) 11... Qe7 12. Bd3 Rfc8 (
12... Rfe8) 13. Rfd1 (13. e4 e5 $11) 13... c5 $11 14. Nb1 {Wh is playing a bit
passively} (14. Ne5 $11) (14. e4 $11) 14... cxd4 15. Nxd4 Bxd2 (15... Rxc1 16.
Rxc1 Bd6 $15 {Stockfish9}) 16. Qxd2 Nc5 17. Nc3 (17. Bc2 {preserves Wh
attacking B, though} Nce4 18. Qe1 Nd6 19. Nc3 Nc4 20. b3 Nd6 $11) 17... Nxd3 (
17... Rd8 {Stockfish9} 18. Bc2 {just holds for Wh} (18. Bb1 Nb3 $19) 18... e5
19. Nf5 Qc7 20. Qe2 g6 21. Nh6+ Kg7 22. Ng4 Rxd1+ 23. Rxd1 Nxg4 24. Qxg4 Rd8
25. Rxd8 Qxd8 26. Qd1 (26. h4 h5 27. Qg5 Qd6 $15) 26... Qg5 27. g3 a5 28. Qd6
Qf6 29. Qxf6+ Kxf6 $11) 18. Qxd3 Ng4 (18... Rd8 19. Qe2 Qb4 20. Rd3 $11) 19.
Qe2 Ne5 (19... Qh4 20. h3 Ne5 21. e4 (21. f4 Nc4 22. b3 Na5 23. Qg4 $11) 21...
Qg5 22. Qd2 $11) 20. f3 {overcautious} (20. e4) 20... Rd8 21. Rc2 Rac8 22. Rdc1
h6 23. b3 Qd6 {(draw?)} (23... Ng6 $15 24. Nb1 Rxc2 25. Rxc2 Nf4 26. Qe1 Nd3
27. Qf1 Nc5 28. Rd2 e5 29. Nf5 Qf6 30. Rxd8+ Qxd8 31. Qe2 Nxb3 $17 {Stockfish9}
) (23... Qd6 24. Nd1 Ng6 $15 {Stockfish9}) 1/2-1/2

[Event "Dyfed Open"]
[Site "?"]
[Date "2018.02.18"]
[Round "4"]
[White "Orton, Paul"]
[Black "Morgans, Justin"]
[Result "1-0"]
[WhiteElo "1608"]
[BlackElo "1668"]
[Annotator "Rudy"]
[PlyCount "109"]
[EventDate "2018.??.??"]

1. d4 f5 2. Nf3 Nf6 3. c4 e6 4. Nc3 c6 (4... Bb4) 5. Qc2 (5. Bf4) 5... d5 6. c5
{a little early to commit to this advance} (6. Bf4) (6. Bg5) (6. e3 {main
continuations}) 6... Be7 (6... b6 {challenges at once} 7. b4 a5 8. Na4 bxc5 (
8... Nfd7 $11 {Cloud Engines}) 9. bxc5 Nbd7 10. h3 Ne4 11. Bf4 Be7 12. e3 O-O
13. Ne5 (13. Bd3 $16) 13... Nxe5 14. Bxe5 Bf6 $11 {Odeh-Osuna Vega, Gibraltar
Masters 2018,0-1}) 7. Bf4 O-O 8. e3 Ne4 (8... b6 {Cloud Engines, not yet played
}) 9. Be2 (9. h4 {1 win, 2 losses for Wh}) 9... Nd7 (9... b6 {Fritz16 &
Stockfish9}) (9... g5 {Stockfish8}) 10. Ne5 (10. O-O {2 wins each}) 10... Bf6
11. Nxd7 Bxd7 12. Nxe4 (12. O-O {Cloud Engines} g5 13. Be5 Bxe5 14. dxe5 Qc7
15. Nxe4 fxe4 16. Qc3 Be8 17. b4 {Kazimova-Burtasova, Moscow op-B, 2013,1-0}) (
12. f3 Ng5 13. Bd3 Nf7 14. O-O g6 15. Rad1 e5 {Nakamura-Caruana, Paris GCT
blitz 2016,1/2-1/2}) 12... fxe4 13. Bd6 (13. O-O $14) 13... Be7 14. Be5 {
Stockfish9} (14. Bg3 {Fritz16}) 14... Qa5+ (14... b6 {both Engines}) 15. Qc3
Qxc3+ 16. bxc3 b5 (16... b6 $11 {both Engines}) 17. O-O $16 {Fritz16} (17. a4
$16 {Stockfish9}) 17... Bd8 18. Rfb1 Bf6 19. Bd6 Rfe8 20. a4 $16 a6 21. Ra2 e5
{best try} 22. axb5 (22. Rba1 $16 {Stockfish9, - doubling up behind means that
Bl has to cede control over the a file}) 22... cxb5 $2 {the wrong way, but Bl
is struggling because of the weakness on b5 & resultant setup derived from it.}
(22... axb5 23. Rba1 (23. Rxa8 Rxa8 24. dxe5 Bd8 $11 {the e5 pawn will not
advance far, & Bl now has the a file}) 23... Rxa2 24. Rxa2 exd4 25. cxd4 Rd8
26. Ra7 $16) 23. Rba1 $18 exd4 (23... b4 {trying to cause confusion is the
best bet when going down positionally} 24. dxe5 (24. cxb4 {Fritz16, doesn't
feel quite right} exd4 25. exd4 Bxd4 26. Rd1 Bc3 27. Rxa6 Bxb4 28. Rxd5 {which
Stockfish9 only rates as definite plus}) 24... b3 25. Rb2 Bxe5 26. Bxe5 Rxe5
27. Rxb3 a5 28. Bd1 a4 29. Rb6 a3 30. c6 Be8 31. Bg4 Re7 32. Rb7 Ra7 33. Be6+
Kf8 34. Bxd5 $18) 24. cxd4 Bc6 25. Rxa6 b4 26. Rxa8 (26. Bd1 {also}) 26... Rxa8
27. Rxa8+ Bxa8 28. Bd1 $18 Bc6 29. Bb3 (29. Bc7 {looks more exact, to force a
judgement on the b4 pawn before Bl can get his B to c4}) 29... Bd8 (29... Kf7 {
Stockfish9, anticipates Wh's next, which threatens to blow up the Bl centre})
30. f3 Bg5 (30... exf3 31. e4 Bb5 32. exd5 Bg5 33. Kf2 fxg2 34. c6 g1=Q+ 35.
Kxg1 Be3+ 36. Kg2 Bxd4 37. Bxb4 Kf7 38. d6+ Kf6 39. Bd5 $18 {though a bit of
care is needed}) 31. Kf2 {stockfish9} (31. fxe4 Bxe3+ 32. Kh1 {Fritz16
preference}) 31... Kf7 32. f4 (32. fxe4 Ke6 33. Ke2 Bb5+ 34. Kd2 Kd7 35. Bxd5 {
looks much simpler- the central pawn mass must win}) 32... Bd8 33. Ke1 Ke6 34.
Kd2 g6 35. g4 Kf6 36. Be5+ (36. g5+ {seals in the bl squared B} Kf5 37. Bd1 Ba5
38. Kc1 b3 39. h3 Ke6 40. Bxb3 Bb4 41. Bd1 Be1 42. Bg4+ Kf7 43. Kd1 Bh4 44. Kd2
{despite Stockfish9's claim that Wh is winning, it may be difficult to do so.
Lets see, as Stockfish9 is going round in circles.} Bf2 45. Be5 Bb5 46. Kc3
Be1+ {ok, no way in for the Wh K} 47. Kc2 Ba4+ 48. Kc1 Bc6 49. Bc8 Bf2 50. Kd2
Ke7 {and the B K repeats moves}) 36... Ke6 37. Kc2 Bh4 38. Bc7 Bf2 (38... Be1 {
holds out longer, the B pawn survives. Much simpler to have just killed it off
a long time ago before committing the K side pawns.which has left tem a bit
vulnerable when the Wh K wanders over to deal with the b pawn} 39. Kd1 Bc3 40.
Bd8 Bb5 41. Bh4 Bb2 42. Bg3 Ba3 43. f5+ gxf5 44. gxf5+ Kxf5 45. Bxd5 Ba4+ 46.
Kd2 b3 47. Kc3 b2 48. Ba2 Kg4 49. Bb1 Kf3 50. Bf4) 39. Kd2 Bg1 40. h3 Bb5 41.
Ba5 (41. f5+ gxf5 42. gxf5+ Kxf5 43. Bxd5 {Stockfish9}) 41... Bc4 42. Ba4 (42.
Bxc4 dxc4 43. Bxb4 {Stockfish9 leads to a quick decision as the Bl B is out of
play and Wh has several running pawns} Kd5 44. f5 gxf5 45. gxf5 Bf2 46. f6 c3+
(46... Bh4 47. c6 Kxc6 48. f7 {and the B doesn't make it- Stockfish9}) 47. Bxc3
Bh4 48. f7 Be7 49. Kc2 Bf8 50. Kb3 {and thK helps a pawn through}) 42... b3 43.
c6 $2 (43. Bc3 {that B pawn must be blocked} Bf2 44. g5 Ke7 45. Bb2 Ke6 46. Bc1
Ke7 47. Kc3 Be1+ 48. Kb2 Ke6 49. Bxb3 {the end of the b pawn}) 43... Bxe3+ $2 {
not the right either, it appears} (43... b2 $1 {Stockfish9 ensures the draw}
44. c7 (44. f5+ gxf5 45. gxf5+ Kf6 (45... Kxf5 46. c7 Ba6 47. Bd7+ $18) 46.
Bd8+ Kxf5 47. c7 Ba6 48. Bd7+ Kg6 49. Kc2 Bxe3 50. Kxb2 Bxd4+ 51. Kb3 Bb6 52.
c8=Q Bxc8 53. Be8+ Kf5 54. Bxb6 Ke5 {looks difficult to play, Stockfish9
claims draw}) (44. Bc2 Bd3 45. f5+ gxf5 46. gxf5+ Kxf5 47. Bxd3 exd3 48. c7
b1=Q (48... Ke4 49. c8=Q Bxe3+ 50. Kc3 b1=Q 51. Qe6+ $11 Kf3 (51... Kf4 52.
Qg4#) 52. Qxd5+ Ke2 53. Qg2+ Bf2 54. Qe4+ Be3 55. Qg2+) 49. c8=Q+ Kg6 $11)
44... Ba6 45. Bc2 Kd7 46. Bc3 Bf1 47. h4 Bh3 48. g5 Kxc7 49. Bxb2 Bf2 $11 {
Stockfish9}) 44. Kxe3 b2 45. c7 (45. Bc2 {will also win, eventually}) 45...
b1=Q (45... Ba6 46. Bc2 Kd7 47. Bc3 Kxc7 48. f5 $18 {Stockfish9}) 46. c8=Q+ {
Bl will never get a chance to use the Q} Kf6 47. Qh8+ (47. Qf8+ Ke6 48. f5+
gxf5 49. gxf5# {Stockfish9}) 47... Ke6 48. Qe8+ Kf6 49. Bd8+ Kg7 50. Qe5+ (50.
Bf6+ Kxf6 51. Qf8+ Ke6 52. f5+ gxf5 53. gxf5#) 50... Kg8 51. Qe8+ Kg7 52. Qe7+
Kg8 53. Qe6+ Kf8 54. Be7+ Kg7 55. Qf6+ 1-0

[Event "Dyfed Open"]
[Site "?"]
[Date "2018.02.18"]
[Round "4"]
[White "Miller, John S"]
[Black "Jones, Dewi"]
[Result "1/2-1/2"]
[WhiteElo "1648"]
[BlackElo "1512"]
[Annotator "Rudy"]
[PlyCount "80"]
[EventDate "2018.??.??"]

1. d4 Nf6 2. Bf4 d6 3. Nf3 g6 4. e3 Bg7 5. Nbd2 O-O 6. c3 (6. h3 {main,
preserving the B from Nh5}) 6... Bf5 (6... Nbd7 {aiming to get e5 in, main}) 7.
Be2 Qc8 $146 {Houdini5 ; unusual idea in this setup, maybe anticipating a
later h3 & 0-0 - or just to support c5} (7... Nbd7 {also supports c5, if needed
}) 8. Rc1 c5 9. h3 (9. b4 {Komodo11}) 9... Nbd7 10. Nh4 Be6 11. Bh2 (11. e4 d5
12. e5 Ne8 13. O-O $11 {Komodo11}) 11... Nb6 12. O-O (12. c4) 12... Bxa2 {risky
} 13. b3 $16 c4 14. b4 $6 {allows the B breathing space & also gives Bl a
tareget} (14. Nxc4 Nxc4 15. Bxc4 b5 16. Be2 Qe6 17. c4 bxc4 18. Bxc4 d5 19. Bb5
a6 20. Ba4 Rfc8 21. Nf3 $18 {Komodo11, the B remains trapped}) 14... d5 (14...
a5 $1 15. bxa5 (15. Qc2 axb4 $19) 15... Rxa5 16. Ra1 Qc6 $17 {Komodo11}) 15.
Ra1 Ne4 (15... Bb3 16. Nxb3 cxb3 17. Qxb3 Ne4 $11 {Komodo11}) 16. Nxe4 Bb3 17.
Qb1 dxe4 18. Qxe4 $14 e6 19. Nf3 Nd5 20. Rfc1 $16 {the Wh pieces copoperate
much better, especially with the b3 B offside} Qc6 21. Nd2 f5 {creates even
more weaknesses in the Bl pawn structure} (21... Ba4 22. Bxc4 b5 23. Be2 $16 {
Komodo11}) 22. Qb1 $18 Bh6 {at least trying to create some chaos, a good idea
when going downhill positionally} 23. Nxb3 cxb3 24. Qxb3 Nxe3 {worth a try} (
24... f4 25. c4 Nb6 26. Bf3 Qd7 27. Bg4 {leaves a Bl position in trouble}) 25.
Bf3 {safe enough, as is} (25. fxe3 Bxe3+ 26. Kh1 Bxc1 27. Rxc1 Rfe8 28. Bf3 $18
{as Wh's 2 Bs dominate the board}) 25... Qc4 26. Qxc4 (26. Rcb1 $1 {Komodo11}
Qxb3 27. Rxb3 Nd5 28. c4 Nf4 29. Bxb7 Ne2+ 30. Kf1 Nxd4 31. Rbb1 Rad8 32. Rxa7
$18 {the Wh Rs & Bs take aim at the wide open K side& Wh has a very dangerous
extra b pawn}) 26... Nxc4 27. Rc2 {Rs should not be used defensively behind
pawns ( unless these are far advanced ones threatening to Q in the near future)
} (27. Re1 {Rs need open lines & pawns to asttacxk} Rf7 28. Rxe6 $18) 27... Rf7
28. Be2 (28. b5 $1 {Komodo11- Wh has a clear advantage on the Q side with his
Bs dominating, so needs to force things there;} Nd2 29. Be2 Rd7 30. b6 a6 31.
Bb5 Re7 32. Bc7 Rc8 33. Bd3 {and Stockfish9 gives up an exchange} Kf7 34. Rb2
Rd7 35. Re1 Bg5 36. h4 Bh6 37. Re2 Ne4 38. Bxe4 fxe4 39. Rxe4 {is a slow &
painful death}) 28... b5 29. Bf3 Re8 (29... Rc8 30. Ra6 Nb6 31. Bd6 Bg7 32. Bc5
Rfc7 33. Be2 $18 {Komodo11}) 30. Bc6 $18 Rc8 31. Bxb5 f4 32. Ra6 (32. Ba4 $1
Re7 33. Bb3 g5 34. Ra6 Kf7 35. Kf1 Bf8 36. h4 h6 37. hxg5 hxg5 38. g3 f3 39. g4
Bg7 40. Bg3 Rh8 41. Kg1 Rc8 42. Rca2 Nb6 43. R2a3 Nd5 44. Bxd5 exd5 45. Rxa7
$18 {Komodo11}) 32... Rfc7 33. Kf1 (33. Re2 Nb6 34. Rxe6 Rxc3 35. g4 $16 {
Komodo11}) 33... e5 34. dxe5 (34. d5 $18 {Komodo11- creates extra space for
the Bs & a passed pawn that must be watched} Bf8 35. Rca2 Nb6 36. Bc6 Rd8 37.
R6a5 Re7 38. f3 $18) 34... Nxe5 35. Ra3 (35. Re6 Nc4 36. Ba6 Rd8 37. Rc1 Nd2+
38. Kg1 Nb3 39. Rce1 Rxc3 40. Re7 Rd4 41. Rxa7 Bf8 42. Rb7 $14) 35... Nc4 36.
Bxc4+ (36. Raa2 Rf7 37. Ba4 Kf8 38. Ra1 Bg7 39. Bb3 g5 40. Rd1 {keeps Bl under
more pressure}) 36... Rxc4 37. Ke2 (37. Rxa7 Rxc3 38. Rxc3 Rxc3 39. b5 Rb3 40.
Ra4 g5 41. h4 Rxb5 42. hxg5 f3 43. gxf3 Bxg5 $11) 37... Bf8 $11 (37... Rxb4 38.
cxb4 Rxc2+ 39. Kf3 Rb2 40. Rxa7 Rxb4 41. Ra2 $11 {Komodo11}) 38. Rxa7 Bxb4 39.
Rd2 Rxc3 40. Rdd7 Rc2+ {(draw?)} (40... Rc2+ 41. Kf3 (41. Kd1 $2 {even loses
for Wh} Rxf2 42. Rg7+ Kf8 43. Rgf7+ Ke8 44. Bxf4 (44. Rxf4 Rd2+ 45. Ke1 Rc1#)
44... Rd8+ 45. Kc1 Ba3+ 46. Rxa3 (46. Kb1 Rd1+ 47. Bc1 Rxc1#) 46... Kxf7) 41...
R8c3+ 42. Ke4 (42. Kg4 Rxf2 43. Rg7+ Kf8 44. Rgf7+ Kg8 (44... Ke8 45. Rxh7
Rxg2+ 46. Kxf4 Bd6+ 47. Ke4 Re2+ 48. Kd4 Bc5+ 49. Kxc3 Bxa7 50. Bd6 Re6 51.
Rxa7 Rxd6 $11) 45. Rg7+ $11) 42... Re2+ 43. Kd4 Rd2+ 44. Ke4 Re2+ {Komodo11})
1/2-1/2

[Event "Dyfed Open"]
[Site "?"]
[Date "2018.02.18"]
[Round "5"]
[White "Turner, Matthew J"]
[Black "Musson, Adam J"]
[Result "1-0"]
[WhiteElo "2536"]
[BlackElo "2020"]
[Annotator "Rudy"]
[PlyCount "29"]
[EventDate "2018.??.??"]

1. Nf3 Nf6 2. c4 g6 3. Nc3 Bg7 4. d4 d5 5. Bf4 O-O 6. Rc1 (6. e3 {main}) 6...
c5 (6... dxc4 {main}) 7. dxc5 Qa5 (7... Be6) (7... dxc4 {more frequent}) 8.
cxd5 Qxc5 (8... Rd8 9. Qd2 Qxc5 (9... Nxd5)) (8... Ne4 {alternatives}) 9. Qd2
$18 {a novelty at this point, given by Komodo11 as winning} (9. e4 {scores
well for Wh at 80%}) 9... Rd8 10. e4 Qa5 11. Be2 {also winning, Komodo11} (11.
e5 Nh5 12. Be3 (12. Nb5 $1 {Komodo11} Qxd2+ 13. Bxd2 Nd7 14. g4 $18 (14. d6 $18
)) 12... Bg4 13. Nb5 Qxd2+ 14. Nxd2 Bxe5 15. Nc4 Bf4 16. Bxf4 Nxf4 17. Ne3 $18
{Verat-Rubino, St Chely d;Aubrac op 2003,1-0}) (11. Ne5 $18 {Komodo11}) (11. a3
$18 {Komodo11}) 11... Na6 12. O-O Nh5 (12... Bg4 13. a3) 13. Bg5 Bxc3 $2 (13...
Re8) (13... f6 14. Be3 e5 15. a3 $18) 14. Rxc3 f6 $2 {chosen on positional
grounds, so as not to lock a B on g7; has a major tactical flaw} (14... Nc5 15.
Qc2 Nd7 16. Bxe7 Re8 17. b4 Qb6 18. d6 {Komodo11 is awful as well}) 15. Rxc8 {
beware always of loose unprotected pieces- hanging pieces as Silman calls them.
} 1-0